000 00683cam a2200217 4500500
005 20260405003253.0
041 _afre
042 _adc
100 1 0 _ade Oliveira, Victorine
_eauthor
245 0 0 _aKate Kirkpatrick : “Pour Beauvoir, l’amour est nécessaire à l’affirmation de la vie”
260 _c2021.
500 _a29
690 _aBeauvoir
690 _aDevenir
690 _aExistentialisme
690 _aFemme
690 _aPolitique
690 _aSartre
786 0 _nPhilosophie magazine | 148 | 4 | 2021-04-01 | p. 50-52 | 1951-1787
856 4 1 _uhttps://shs.cairn.info/magazine-philosophie-magazine-2021-4-page-50?lang=fr&redirect-ssocas=7080
999 _c2065963
_d2065963